000 02343cam a22004338i 4500
999 _c130521
_d130521
001 21257189
003 ARRUPE
005 20201020122515.0
008 191021s2019 nyu 001 0beng
010 _a 2019038379
020 _a9781108472890
_q(hardback)
020 _z9781108561600
_q(epub)
040 _aDLC
_beng
_erda
_cDLC
042 _apcc
043 _af-rh---
050 0 0 _aDT2984.M85
_bT46 2019
082 0 0 _aB
_223
100 1 _aTendi, Miles,
_d1979-
_eauthor.
_949929
245 1 4 _aThe army and politics in Zimbabwe :
_bSolomon Mujuru, the liberation fighter and kingmaker /
_cDr Miles Tendi.
246 3 0 _aSolomon Mujuru, the liberation fighter and kingmaker
263 _a1912
300 _apages cm
500 _aIncludes index.
520 _a"Exploiting previously unexplored oral and archival sources, this biography centres on the life of General Solomon Tapfumaneyi Mujuru. Solomon is one of the most illustrious figures in modern Zimbabwean military and political history and in the transnational politics of Southern Africa's 1970s liberation struggles. He is, arguably, the greatest of all guerrilla field commanders from Zimbabwe's independence war against Rhodesian white-settler colonial rule. In the late 1970s, under the nom de guerre Rex Nhongo, Solomon reached the acme of his public acclaim, among black Africans, as a principal liberation fighter"--
600 1 0 _aMujuru, Solomon,
_d1945-2011.
_949930
610 2 0 _aZimbabwe African National Liberation Army
_vBiography.
_949931
610 1 0 _aZimbabwe.
_bNational Army
_xOfficers
_vBiography.
_949932
610 2 0 _aZANU-PF (Organization : Zimbabwe)
_vBiography.
_949933
650 0 _aGenerals
_zZimbabwe
_vBiography.
_949934
650 0 _aNational liberation movements
_zZimbabwe
_vBiography.
_949935
651 0 _aZimbabwe
_xHistory
_yChimurenga War, 1966-1980.
_925956
651 0 _aZimbabwe
_xPolitics and government.
_949936
651 0 _aZimbabwe
_xHistory, Military.
_949937
651 0 _aZimbabwe
_vBiography.
_932007
776 0 8 _iOnline version:
_aTendi, Miles, 1979-
_tThe army and politics in Zimbabwe
_dCambridge ; New York : Cambridge University Press, 2019.
_z9781108561600
_w(DLC) 2019038380
906 _a7
_bcbc
_corignew
_d1
_eecip
_f20
_gy-gencatlg
942 _2lcc
_cMONOGRAPH